000 00706cam a22002653a 4500
001 690
003 PGUSA
005 20140828082951.0
008 961001s1996||||xxu|||||s|||||000 | eng d
040 _aPGUSA
_beng
042 _adc
050 4 _aHN
100 1 _aRussell, Bertrand,
_d1872-1970
245 1 0 _aProposed Roads to Freedom
_h[electronic resource] /
_cBertrand Russell
260 _bProject Gutenberg,
_c1996
506 _aPublic domain in the USA.
516 _aElectronic text
653 _aGuild socialism
653 _aSocialism
653 _aAnarchism
653 _aSyndicalism
830 0 _aProject Gutenberg
_v690
856 4 0 _uhttp://www.gutenberg.org/ebooks/690
942 _cEB
999 _c230041
_d230041